[Event "FIDE World Blitz 2014"]
[Site "Dubai UAE"]
[Date "2014.06.19"]
[Round "9.2"]
[White "Nakamura,Hi"]
[Black "Meier,Geo"]
[Result "1/2-1/2"]
[WhiteElo "2775"]
[BlackElo "2632"]

1.Nf3 d5 2.g3 c6 3.Bg2 Bg4 4.d3 e6 5.O-O Nd7 6.Nbd2 Bd6 7.Rb1 a5 8.b3 Ne7
9.c4 O-O 10.Bb2 Rc8 11.Qc2 e5 12.a3 h6 13.Rfe1 Be6 14.c5 Bc7 15.e4 d4 16.b4 axb4
17.axb4 b5 18.cxb6 Bxb6 19.Nc4 Bc7 20.Ba3 Ra8 21.Ra1 Re8 22.Nfd2 Qb8 23.Nb3 Qb5
24.Kh1 Ra6 25.f4 f6 26.Bb2 Rxa1 27.Rxa1 Qxb4 28.Ba3 Qb5 29.Rb1 Qa4 30.fxe5 fxe5
31.Bxe7 Rxe7 32.Nxd4 Qxc2 33.Nxc2 Bxc4 34.dxc4 Nc5 35.Nb4 Re6 36.Rd1 Ba5
37.Nc2 Bc7 38.h4 Rd6 39.Rxd6 Bxd6 40.Bf3 Ne6 41.Bg4 Nd4 42.Ne1 g6 43.Nd3 c5
44.Kg2 h5 45.Bd7 Kg7 46.Ba4 Kf6 47.Nf2 Bf8 48.Nd1 Bd6 49.Be8 Kg7 50.Nc3 Bf8
51.Nd5 Bd6 52.Kf2 Ne6 53.Bd7 Nd4 54.Ke3 Kf7 55.Kd3 Bf8 56.Nb6 Bd6 57.Ba4 Kf6
58.Bd1 Ke7 59.Kc3 Bc7 60.Nd5+ Kd6 61.Nxc7 Kxc7 62.g4 hxg4 63.Bxg4 Kd6 64.Kb2 Nc6
65.Ka3 Nb4 66.Ka4 Nd3 67.Kb5 Nf4 68.Bf3 Nd3 69.Kb6 Nf4 70.Kb7 Kd7 71.Bg4+ Kd6
72.Kc8 Ng2 73.h5 gxh5 74.Bxh5 Ne3 75.Be2 Nc2 76.Bd3 Nd4 77.Kd8 Ne6+ 78.Ke8 Nf4
79.Bc2 Ne2 80.Bd3 Nc3 81.Kd8 Na2 82.Ke8 Nb4 83.Be2 Ke6 84.Kd8 Kd6 85.Ke8 Nc6
86.Bd3 Nd4 87.Kd8 Ne6+ 88.Ke8 Ng5 89.Kd8 Nf3 90.Be2  1/2-1/2

[Event "FIDE World Blitz 2014"]
[Site "Dubai UAE"]
[Date "2014.06.19"]
[Round "10.1"]
[White "Carlsen,M"]
[Black "Nakamura,Hi"]
[Result "1/2-1/2"]
[WhiteElo "2881"]
[BlackElo "2775"]

1.e4 e5 2.Nf3 Nc6 3.d4 exd4 4.Nxd4 Bc5 5.Nb3 Bb6 6.Nc3 Nf6 7.Bg5 O-O 8.Qf3 Nd4
9.Nxd4 Bxd4 10.O-O-O Bxc3 11.bxc3 Re8 12.Bc4 d6 13.Bxf6 Qxf6 14.Qxf6 gxf6
15.Rhe1 f5 16.Bd5 fxe4 17.Bxe4 Re5 18.Bd5 Rxe1 19.Rxe1 Kf8 20.Re4 c6 21.Bb3 Bf5
22.Rf4 Bg6 23.h4 h5 24.Kd2 Rd8 25.Bc4 d5 26.Bd3 Kg7 27.a4 b6 28.g3 c5 29.Be2 Rd6
30.a5 Rf6 31.axb6 axb6 32.Bf3 Rd6 33.Bg2 Rd8 34.Bf3 Rd6 35.Bg2 Rd8 36.Ra4 Rd6
37.Rf4 b5 38.Bf1 Rb6 39.Bg2 Ra6 40.Bf1 Ra2 41.Bd3 Bxd3 42.Kxd3 Kg6 43.g4 hxg4
44.Rxg4+ Kf5 45.Rg5+ Ke6 46.Rg1 Ra3 47.Kd2 b4 48.cxb4 cxb4 49.Rg3 Ra1 50.Rh3 Kf6
51.h5 Kg7 52.h6+ Kh7 53.Rh4 Ra6 54.Rxb4 Kxh6 55.Rb5 Rf6 56.Ke2 Re6+ 57.Kd3 Rf6
58.Rxd5 Rxf2 59.c4 Rf1 60.c5 Rc1 61.Kd2 Rc4 62.Kd3  1/2-1/2

[Event "FIDE World Blitz 2014"]
[Site "Dubai UAE"]
[Date "2014.06.19"]
[Round "11.4"]
[White "Nakamura,Hi"]
[Black "Tomashevsky,E"]
[Result "1-0"]
[WhiteElo "2775"]
[BlackElo "2695"]

1.d4 d5 2.c4 c6 3.Nc3 Nf6 4.Nf3 a6 5.a4 e6 6.Bf4 a5 7.e3 Be7 8.Bd3 Nh5 9.O-O Nxf4
10.exf4 Na6 11.b3 Nb4 12.Re1 O-O 13.Rc1 Nxd3 14.Qxd3 f6 15.g3 Bd6 16.Re3 Qd7
17.f5 exf5 18.cxd5 f4 19.dxc6 bxc6 20.Ree1 Ba6 21.Qc2 fxg3 22.hxg3 Bb4 23.Re3 c5
24.d5 c4 25.Rd1 cxb3 26.Qxb3 Rac8 27.d6+ Bc4 28.Qb2 Rfe8 29.Ne4 Qxa4 30.Rd4 Be6
31.Qe2 Qd7 32.Nh4 Bf7 33.Qf3 Rc1+ 34.Kh2 Be6 35.Nxf6+ gxf6 36.Qxf6 Qb7 37.Rg4+  1-0

[Event "FIDE World Blitz 2014"]
[Site "Dubai UAE"]
[Date "2014.06.20"]
[Round "12.2"]
[White "Nakamura,Hi"]
[Black "Sargissian,G"]
[Result "1/2-1/2"]
[WhiteElo "2775"]
[BlackElo "2686"]

1.d4 d5 2.Bg5 h6 3.Bf4 c5 4.e3 Nc6 5.Nf3 Nf6 6.Nc3 Bg4 7.Be2 e6 8.O-O Be7
9.h3 Bxf3 10.Bxf3 cxd4 11.exd4 O-O 12.Ne2 Bd6 13.Be3 b5 14.c3 Rc8 15.a3 a5
16.b4 a4 17.Nc1 Ne4 18.Qd3 Na7 19.Ne2 f5 20.g3 Qd7 21.Bg2 Rc7 22.Rac1 Nc8
23.Ra1 Nb6 24.Rfc1 Nc4 25.Rc2 Rfc8 26.Bc1 Qf7 27.Kh2 h5 28.Kg1 h4 29.gxh4 Qh5
30.Nf4 Bxf4 31.Bxf4 Rc6 32.f3 Nf6 33.Bg3 Qh6 34.f4 Ne4 35.Kh2 Kf7 36.Bf3 g6
37.Qe2 Rh8 38.Bxe4 fxe4 39.Rcc1 Qh5 40.Qf2 Nd6 41.Qf1 Rc4 42.Be1 Nf5 43.Ra2 Nxh4
44.Bxh4 Qxh4 45.Re2 Rh5 46.Rcc2 Rf5 47.Rf2 Qh6 48.Kh1 Qh4 49.Qg2 Qh5 50.Qg4 Qh6
51.Kh2 Qh5 52.Kg3 Qh6 53.Rf1 Qh5 54.Rff2 Qh6 55.Rf1  1/2-1/2

[Event "FIDE World Blitz 2014"]
[Site "Dubai UAE"]
[Date "2014.06.20"]
[Round "13.4"]
[White "Riazantsev,A"]
[Black "Nakamura,Hi"]
[Result "0-1"]
[WhiteElo "2692"]
[BlackElo "2775"]

1.d4 Nf6 2.Nf3 g6 3.Bf4 Bg7 4.h3 c5 5.e3 Qb6 6.Qc1 O-O 7.c3 cxd4 8.exd4 d6
9.Be2 Nc6 10.O-O Re8 11.Nbd2 Qc7 12.Bh2 Bh6 13.Qd1 Nd5 14.Re1 Bf5 15.a4 Nf4
16.Bxf4 Bxf4 17.d5 Nb8 18.Nb3 a6 19.Bd3 Bc8 20.Re4 Bh6 21.Qe2 Bf8 22.Rh4 Nd7
23.Nbd2 Nf6 24.c4 Bg7 25.Re1 e5 26.dxe6 Bxe6 27.Qd1 h6 28.b3 Rad8 29.Ne4 d5
30.Nxf6+ Bxf6 31.Rxh6 dxc4 32.bxc4 Kg7 33.Rh4 Bxh4 34.Nxh4 Bxc4 35.Qa1+ Kg8
36.Rxe8+ Rxe8 37.Qc3 b5 38.axb5 axb5 39.Nf3 Qf4 40.Bxc4 Qxc4 41.Qf6 b4 42.h4 Qc3
43.Qf4 b3 44.Ng5 Qe1+ 45.Kh2 Qe5  0-1

[Event "FIDE World Blitz 2014"]
[Site "Dubai UAE"]
[Date "2014.06.20"]
[Round "14.2"]
[White "Mamedyarov,S"]
[Black "Nakamura,Hi"]
[Result "1/2-1/2"]
[WhiteElo "2743"]
[BlackElo "2775"]

1.d4 d5 2.c4 dxc4 3.e4 b5 4.a4 c6 5.axb5 cxb5 6.b3 e5 7.d5 Nf6 8.Qf3 a5 9.bxc4 b4
10.Bg5 a4 11.Bd3 b3 12.Ne2 a3 13.c5 a2 14.Bb5+ Nbd7 15.c6 Bb4+ 16.Nec3 b2
17.Rxa2 Rxa2 18.O-O Ra1 19.cxd7+ Bxd7 20.Bxd7+ Kxd7 21.Qf5+ Ke8 22.Qxe5+ Kf8
23.Nb5 Ra5 24.Nd4 Qd6 25.Qf5 Ra8 26.e5 Qxd5 27.exf6 Qxf5 28.Nxf5 gxf6 29.Bxf6 Rg8
30.Bxb2 Rg5 31.Ng3 Rc8 32.Bc1 Rd5 33.Ba3 Bxa3 34.Nxa3 Rc3 35.Nb1 Rc4 36.Ne2 Rd3
37.g3 Rc2 38.Nc1 Rd4 39.Na3 Rb2 40.Kg2 Ra4 41.Nd3 Rd2 42.Ne5 Rxa3 43.Nc4 Raa2
44.Nxd2 Rxd2 45.Rb1 Kg7 46.Rb5 h6 47.h3 Ra2 48.g4 Rc2 49.Kg3 Rc3+ 50.f3 Ra3
51.h4 Rc3 52.Rb6 Ra3 53.Rd6 Rb3 54.Rd5 Ra3 55.Rd6 Rb3 56.Rd7 Ra3 57.Rd8 Rb3
58.Rd5 Ra3 59.Kf4 Ra4+ 60.Kf5 Ra3 61.Kf4 Rb3 62.Re5 Ra3 63.Re3 Ra5 64.Re5 Ra3
65.Ke4 Ra4+ 66.Kf5 Ra3 67.f4 Rh3 68.h5 Rh1 69.Re3 Rf1 70.Rg3 Rh1 71.Re3 Rf1
72.Rh3 Rf2 73.g5 Ra2 74.gxh6+ Kxh6 75.Kf6 Ra7 76.f5 Rb7 77.Rg3 Kxh5 78.Rg7 Ra7
79.Rxf7 Ra6+ 80.Kg7 Kg5 81.f6 Rb6 82.Rf8 Ra6 83.Rf7 Rb6 84.Rf8 Ra6 85.Rf7 Rb6
86.Rd7 Rxf6 87.Rd5+ Rf5 88.Rxf5+ Kxf5  1/2-1/2

[Event "FIDE World Blitz 2014"]
[Site "Dubai UAE"]
[Date "2014.06.20"]
[Round "15.3"]
[White "Nakamura,Hi"]
[Black "Harikrishna,P"]
[Result "1/2-1/2"]
[WhiteElo "2775"]
[BlackElo "2726"]

1.d4 d5 2.c4 e6 3.Nc3 Be7 4.cxd5 exd5 5.Bf4 c6 6.e3 Bd6 7.Bxd6 Qxd6 8.Qc2 Ne7
9.Bd3 b6 10.Nf3 Ba6 11.O-O Bxd3 12.Qxd3 Nd7 13.e4 O-O 14.e5 Qg6 15.Qd2 Nf5
16.Ne2 Rfe8 17.Rac1 Rac8 18.Rfe1 Nf8 19.Rc3 Ne6 20.Rec1 c5 21.dxc5 d4 22.Rc4 Rxc5
23.h3 h5 24.Rxc5 bxc5 25.Nf4 Nxf4 26.Qxf4 Rc8 27.b4 c4 28.Nxd4 Nxd4 29.Qxd4 Qa6
30.Kh2 Qb5 31.a3 a5 32.bxa5 Qxa5 33.Rc3 Rd8 34.Qe3 Qd5 35.Qf4 Rc8 36.a4 Rc5
37.g3 g6 38.h4 Rc6 39.Qe3 Qa5 40.Qf3 Qxe5 41.Qxc6 Qxc3 42.Qc5 Qb2 43.a5 c3
44.a6 Qa2 45.a7 c2 46.Qc8+ Kg7 47.Qc3+ Kh7 48.a8=Q Qxa8 49.Qxc2 Qd5 50.Qc3 Qe6
51.Qd4 Qf5 52.Kg2 Qe6 53.Qd3 Qc6+ 54.Qf3 Qe6 55.Qb7 Kg7 56.Qb2+ Kh7 57.f3 Qd5
58.Kf2 Qc5+ 59.Kg2 Qd5 60.Qc2 Qe5 61.Qc4 Kg7 62.g4 hxg4 63.fxg4 Qe3 64.Qd5 Qe2+
65.Kg3 Qe1+ 66.Kh3 Qe3+ 67.Kg2 Qe2+ 68.Kh3 Qe3+ 69.Kg2 Qe2+ 70.Kh3 Qe3+ 71.Kg2  1/2-1/2

[Event "FIDE World Blitz 2014"]
[Site "Dubai UAE"]
[Date "2014.06.20"]
[Round "16.3"]
[White "Yudin,S"]
[Black "Nakamura,Hi"]
[Result "1-0"]
[WhiteElo "2546"]
[BlackElo "2775"]

1.e4 e6 2.d4 d5 3.Nd2 Be7 4.Ngf3 Nf6 5.e5 Nfd7 6.Bd3 c5 7.c3 Nc6 8.O-O g5
9.dxc5 Nxc5 10.Bb5 Nd7 11.Re1 a6 12.Bxc6 bxc6 13.Nb3 c5 14.c4 Bb7 15.cxd5 Bxd5
16.Be3 g4 17.Nfd2 c4 18.Nc1 h5 19.Bd4 Nc5 20.Nf1 Bc6 21.b3 Nd3 22.Nxd3 Qxd4
23.Rc1 c3 24.Qc2 Be4 25.Re3 Bg5 26.Qxc3 Bxe3 27.Nxe3 Qxd3 28.Qb4 a5 29.Qa3 Rd8
30.Rc7 Qd1+ 31.Nf1 Qd7 32.Rxd7 Rxd7 33.Ne3 f5 34.exf6 Bg6 35.Qxa5 Kf7 36.h3 gxh3
37.g3 Be4 38.Kh2 Rc8 39.Qg5 Bg6 40.Qh6 Kxf6 41.g4 Rh7 42.Qf4+ Ke7 43.Qg5+ Kf7
44.Qf4+ Ke8 45.Qf6 Bf7 46.g5 Bg8 47.g6 Re7 48.g7 Rf7 49.Qxe6+ Kd8 50.Qd6+ Ke8
51.Qe5+ Kd7 52.Qd5+ Kc7 53.Qe5+ Kb7 54.f4 Rd7 55.Nc4 Rcd8 56.Qb5+ Ka7 57.Qb6+ Ka8
58.Kxh3 Rc8 59.Kh4 Rxg7 60.Qa6+ Kb8 61.Qb6+ Ka8 62.Qa5+ Kb8 63.Qe5+ Rgc7
64.Nd6 Rc5 65.Qd4 R8c6 66.Ne4 Rd5 67.Qg7 Be6 68.Qf8+ Kb7 69.Qe7+ Kb6 70.Qb4+ Kc7
71.Nf6 Rf5 72.Qe7+ Kc8 73.Qe8+ Kb7 74.Qe7+ Ka6 75.Qa3+ Kb7 76.Qe7+ Kb8 77.Nxh5 Bf7
78.Qd8+ Rc8 79.Qb6+ Ka8 80.Qa6+ Kb8 81.Qb6+ Ka8 82.Qa6+ Kb8 83.Qd6+ Ka8 84.Ng3 Ra5
85.f5 Rxa2 86.Qe7 Ra7 87.Qe4+ Kb8 88.Qe5+ Ka8 89.Qe4+ Kb8 90.Qe5+ Ka8 91.Qe4+ Rb7
92.Qa4+ Kb8 93.Qf4+ Rcc7 94.b4 Ka7 95.Qd4+ Ka6 96.Ne4 Rb6 97.Nd6 Rxd6 98.Qxd6+ Kb7
99.b5 Bc4 100.Qb4 Kb6 101.Kg5 Rc5 102.Qc3 Bxb5 103.Qd4 Kc6 104.Kf6 Bc4 105.Ke7 Kb5
106.f6 Rc7+ 107.Kd8 Rf7 108.Qe5+ Kc6 109.Ke8 Rc7 110.Qe4+ Kd6 111.Qf4+  1-0

[Event "FIDE World Blitz 2014"]
[Site "Dubai UAE"]
[Date "2014.06.20"]
[Round "17.3"]
[White "Nakamura,Hi"]
[Black "Aronian,L"]
[Result "1-0"]
[WhiteElo "2775"]
[BlackElo "2815"]

1.d4 Nf6 2.Bg5 g6 3.Bxf6 exf6 4.e3 d5 5.Ne2 c6 6.Nf4 Bd6 7.g3 h5 8.h4 Bg4
9.Be2 Bxe2 10.Qxe2 Nd7 11.Nd2 Nb6 12.Nd3 Qe7 13.c3 O-O 14.g4 hxg4 15.Qxg4 f5
16.Qf3 Nd7 17.O-O-O Nf6 18.Rde1 Kg7 19.h5 Rh8 20.hxg6 fxg6 21.Qg2 Ng4 22.Reg1 Rxh1
23.Rxh1 Rh8 24.Rxh8 Kxh8 25.f3 Nxe3 26.Qxg6 Bc7 27.f4 Nc4 28.Ne5 Bxe5 29.Qh5+ Qh7
30.Qxh7+ Kxh7 31.fxe5 Nxd2 32.Kxd2 f4 33.Ke2 Kg6 34.Kf3 Kg5 35.e6 Kf6 36.Kxf4 Kxe6
37.Kg5 a5 38.a4 b5 39.axb5 cxb5 40.Kg6 a4 41.Kg5 Kd6 42.Kf6 Kc6 43.Ke6 b4
44.cxb4 Kb5 45.Kxd5 Kxb4 46.Kc6 Kb3 47.Kd5  1-0

[Event "FIDE World Blitz 2014"]
[Site "Dubai UAE"]
[Date "2014.06.20"]
[Round "18.3"]
[White "Nakamura,Hi"]
[Black "Anand,V"]
[Result "1-0"]
[WhiteElo "2775"]
[BlackElo "2785"]

1.b3 e5 2.Bb2 Nc6 3.e3 Nf6 4.c4 g6 5.Nf3 d6 6.d4 exd4 7.exd4 Bg7 8.d5 Ne7
9.h3 O-O 10.Be2 c6 11.dxc6 Nxc6 12.O-O d5 13.Na3 Re8 14.Re1 Be6 15.c5 Ne4
16.Bxg7 Kxg7 17.Rc1 a6 18.Nc2 Qa5 19.Ncd4 Qxa2 20.Nxc6 bxc6 21.Qd4+ Kg8 22.Ne5 Qxb3
23.Nxc6 a5 24.f3 Ng3 25.Bd3 Bf5 26.Kh2 Qxd3 27.Qxd3 Bxd3 28.Kxg3 Rxe1 29.Rxe1 Kf8
30.Ne5 Bf5 31.c6 a4 32.Nd7+ Kg7 33.Ra1 a3 34.Nb6 Ra6 35.Nxd5 Rxc6 36.Rxa3 Be6
37.Nf4 g5 38.Nd3 h6 39.h4 Rc4 40.hxg5 hxg5 41.Ra5 Kg6 42.Ne5+ Kf6 43.Nxc4 Bxc4
44.Kg4  1-0

[Event "FIDE World Blitz 2014"]
[Site "Dubai UAE"]
[Date "2014.06.20"]
[Round "19.3"]
[White "Morozevich,A"]
[Black "Nakamura,Hi"]
[Result "0-1"]
[WhiteElo "2731"]
[BlackElo "2775"]

1.d4 f5 2.Bf4 Nf6 3.e3 g6 4.h4 d6 5.h5 Bg7 6.hxg6 hxg6 7.Rxh8+ Bxh8 8.Qf3 c6
9.Nc3 Be6 10.Nh3 Nbd7 11.O-O-O Qa5 12.a3 O-O-O 13.Ng5 Bg8 14.e4 fxe4 15.Ngxe4 Qh5
16.Be2 Qxf3 17.Bxf3 Bg7 18.Nxf6 Nxf6 19.Ne4 Rf8 20.Nxf6 Bxf6 21.Bh6 Rd8 22.Be3 Kc7
23.Rh1 Be6 24.Be4 Rg8 25.Kd2 a6 26.c3 Kd7 27.f3 b5 28.g4 g5 29.Rh7 a5 30.b4 axb4
31.axb4 Ra8 32.Bf5 Bxf5 33.gxf5 Ra2+ 34.Kd3 Rg2 35.Rh1 g4 36.fxg4 Rxg4 37.Ra1 Rg3
38.Ke2 Rg2+ 39.Kd3 Rg3 40.Ke2 Rh3 41.Ra7+ Kc8 42.d5 cxd5 43.Bd4 Rh5 44.Bxf6 exf6
45.Ra5 d4 46.Rxb5 dxc3 47.Rd5 Kc7 48.b5 Rh2+ 49.Kd1 Rd2+ 50.Rxd2 cxd2 51.Kxd2 Kb6
52.Kc3 Kxb5 53.Kd4 Kc6 54.Ke4 Kc5 55.Kf4  0-1

[Event "FIDE World Blitz 2014"]
[Site "Dubai UAE"]
[Date "2014.06.20"]
[Round "20.3"]
[White "Korobov,A"]
[Black "Nakamura,Hi"]
[Result "0-1"]
[WhiteElo "2680"]
[BlackElo "2775"]

1.d4 d5 2.c4 c6 3.Nc3 dxc4 4.e3 b5 5.a4 b4 6.Ne4 Qd5 7.Ng3 e5 8.dxe5 Nd7
9.f4 Nc5 10.Nf3 h5 11.h4 Nh6 12.Qxd5 cxd5 13.Nd4 g6 14.a5 Nf5 15.Ngxf5 Bxf5
16.Nxf5 gxf5 17.Be2 Nb3 18.Rb1 Kd7 19.Bf3 Ke6 20.Ke2 Bc5 21.Rd1 Rad8 22.Kf1 Nxc1
23.Rbxc1 Bxe3 24.Rc2 Bxf4 25.Re2 d4 26.Rc2 c3 27.bxc3 dxc3 28.Rb1 Rd4  0-1

[Event "FIDE World Blitz 2014"]
[Site "Dubai UAE"]
[Date "2014.06.20"]
[Round "21.3"]
[White "Nakamura,Hi"]
[Black "Dreev,A"]
[Result "1-0"]
[WhiteElo "2775"]
[BlackElo "2667"]

1.b3 d5 2.Bb2 c6 3.e3 Nf6 4.h3 g6 5.d4 Bg7 6.Nd2 O-O 7.Ngf3 a5 8.a3 Bf5 9.c4 Ne4
10.Be2 Nxd2 11.Qxd2 Qb6 12.Qc3 Be4 13.O-O Bxf3 14.Bxf3 e6 15.Rab1 Nd7 16.Qc2 Rfc8
17.Rfd1 Qd8 18.e4 dxe4 19.Bxe4 Qe7 20.Bf3 Nf6 21.Re1 Qc7 22.Rbd1 Rd8 23.Bc3 Rd7
24.Qb2 Ne8 25.Rd3 Rad8 26.Qd2 b6 27.Rd1 Nd6 28.c5 Nb5 29.cxb6 Qb7 30.Bxa5 Nxd4
31.Kh1 e5 32.Bc3 Ra8 33.Bxd4 exd4 34.Rc1 Rd6 35.Qb4 Bf8 36.a4 Rdd8 37.Qd2 Qxb6
38.Rxc6 Qa7 39.Be2 Rab8 40.Rf3 Bb4 41.Qc2 Rd7 42.Bc4 Re8 43.Rcf6 Re1+ 44.Kh2 Qc7+
45.g3 Ree7 46.Rxg6+ hxg6 47.Qxg6+ Kf8 48.Qh6+ Kg8 49.Rf5 Bd2 50.Qxd2 Qd6
51.Qg5+ Kf8 52.Qh4 Qg6 53.Rg5  1-0

[Event "41st Olympiad Open 2014"]
[Site "Tromso NOR"]
[Date "2014.08.04"]
[Round "3.2"]
[White "Nakamura,Hi"]
[Black "Giri,A"]
[Result "1/2-1/2"]
[WhiteElo "2787"]
[BlackElo "2745"]

1.e4 c5 2.Nf3 Nc6 3.d4 cxd4 4.Nxd4 e6 5.Nc3 Qc7 6.Be3 a6 7.a3 b5 8.Qd2 Nf6
9.f3 Be7 10.Qf2 Ne5 11.Be2 Bb7 12.Nb3 Rc8 13.Bb6 Qb8 14.Ba7 Qc7 15.Bb6 Qb8
16.Ba7 Qc7  1/2-1/2

[Event "41st Olympiad Open 2014"]
[Site "Tromso NOR"]
[Date "2014.08.05"]
[Round "4.19"]
[White "Solomon,K"]
[Black "Nakamura,Hi"]
[Result "0-1"]
[WhiteElo "2378"]
[BlackElo "2787"]

1.d4 d5 2.Nf3 Nf6 3.c4 e6 4.Nc3 c5 5.cxd5 Nxd5 6.e4 Nxc3 7.bxc3 cxd4 8.cxd4 Bb4+
9.Bd2 Bxd2+ 10.Qxd2 O-O 11.Bc4 Nd7 12.O-O b6 13.Rfe1 Bb7 14.Rad1 Rc8 15.Bd3 Nf6
16.Bb1 Re8 17.Qf4 Qc7 18.Ne5 Red8 19.g4 Rf8 20.Rc1 Qd6 21.Rxc8 Bxc8 22.Qe3 Rd8
23.Rc1 Bb7 24.g5 Ne8 25.Nf3 Qe7 26.h3 Qb4 27.Qc3 Qa4 28.Bc2 Qd7 29.Qd3 Nd6
30.Qe2 Rc8 31.Rd1 Qc6 32.d5 exd5 33.Rxd5 Re8 34.Qd3 Nxe4 35.Rd8 Kf8 36.Ne5 Qc7
37.Rxe8+ Kxe8 38.Qb5+ Kd8 39.Bxe4 Bxe4 40.Qb2 Kc8 41.f3 f6 42.gxf6 gxf6 43.fxe4 Qxe5
44.Qb3 Qxe4 45.Qg8+ Kd7 46.Qf7+ Qe7 47.Qd5+ Kc7  0-1

[Event "41st Olympiad Open 2014"]
[Site "Tromso NOR"]
[Date "2014.08.06"]
[Round "5.18"]
[White "Kovalyov,A"]
[Black "Nakamura,Hi"]
[Result "1/2-1/2"]
[WhiteElo "2622"]
[BlackElo "2787"]

1.Nf3 d5 2.d4 Nf6 3.c4 e6 4.g3 Bb4+ 5.Bd2 Be7 6.Bg2 O-O 7.O-O c6 8.Qc2 b6
9.Bf4 Ba6 10.b3 Nbd7 11.Rd1 Rc8 12.Nc3 Nh5 13.Bc1 Nhf6 14.e4 dxc4 15.Bf4 Bb4
16.Nd2 b5 17.bxc4 bxc4 18.a3 Be7 19.Na4 c5 20.d5 exd5 21.exd5 Nh5 22.Be3 Bf6
23.Rac1 Bd4 24.Nxc4 Bxc4 25.Qxc4 Bxe3 26.fxe3 Qg5 27.Rc3 Rfe8 28.Qh4 Qe5
29.Bf3 Nhf6 30.Qf4 g5 31.Qxe5 Nxe5 32.Be2 Ne4 33.Rc2 c4 34.d6 Red8 35.d7 Rc7
36.Rd5 Nxd7 37.Rxc4 Rxc4 38.Bxc4 Rc8 39.Bd3 Nef6 40.Rxg5+ Kf8 41.Ra5 Ng4
42.h3 Rc1+ 43.Kg2 Nxe3+ 44.Kf2 Nc4 45.Bxc4 Rxc4 46.Rxa7 Nf6 47.Kf3 h5 48.Nb6 Rc6
49.Na4 Rc4 50.Ra5 Kg7 51.Nb6 Rc3+ 52.Kf4 h4 53.gxh4 Rxh3 54.a4 Rxh4+ 55.Ke3 Rb4
56.Rg5+ Kh6 57.Rb5 Rxb5 58.axb5 Ne8 59.Nc4 Nc7 60.b6 Nd5+ 61.Kd4 Nxb6 62.Nd6 Kg6
63.Nxf7 Kxf7  1/2-1/2

[Event "41st Olympiad Open 2014"]
[Site "Tromso NOR"]
[Date "2014.08.08"]
[Round "6.21"]
[White "Nakamura,Hi"]
[Black "Bachmann,Ax"]
[Result "1/2-1/2"]
[WhiteElo "2787"]
[BlackElo "2644"]

1.e4 c5 2.Nf3 e6 3.g3 Nc6 4.Bg2 d5 5.exd5 exd5 6.d4 Bg4 7.O-O cxd4 8.h3 Bxf3
9.Qxf3 Nf6 10.Bg5 Be7 11.Bxf6 Bxf6 12.Qxd5 O-O 13.Qxd8 Nxd8 14.Nd2 Rc8 15.Rac1 Rc7
16.Bd5 Ne6 17.Ne4 Be7 18.Bxe6 fxe6 19.Rfd1 e5 20.c3 Rd8 21.cxd4 Rxc1 22.Rxc1 Rxd4
23.f3 Rd7 24.Rc8+ Kf7 25.Kf2 h6 26.Ke2 a6 27.h4 g6 28.b3 h5 29.a4 Ke6 30.Rh8 Rd4
31.Rh6 Kf7 32.Rh7+ Kf8 33.Nf2 Rd6 34.Rh8+ Kg7 35.Rc8 Rb6 36.Rc3 Kf7 37.Ne4 Ke6
38.Kd1 Kd7 39.Ke2 Rb4 40.Kd3 b5 41.axb5 Rxb5 42.Kc2 Ra5 43.Kb2 Rd5 44.Kc2 Ra5
45.Kb2 Rd5 46.Kc2  1/2-1/2

[Event "41st Olympiad Open 2014"]
[Site "Tromso NOR"]
[Date "2014.08.09"]
[Round "7.10"]
[White "Nakamura,Hi"]
[Black "Kasimdzhanov,R"]
[Result "1-0"]
[WhiteElo "2787"]
[BlackElo "2700"]

1.e4 e5 2.Nf3 Nc6 3.Bb5 a6 4.Ba4 Nf6 5.O-O b5 6.Bb3 Bc5 7.c3 d6 8.a4 Rb8
9.d4 Bb6 10.Na3 O-O 11.axb5 axb5 12.Nxb5 Bg4 13.Bc2 exd4 14.Nbxd4 Nxd4 15.cxd4 Bxf3
16.gxf3 Nh5 17.Kh1 Qf6 18.Be3 c5 19.e5 Qe6 20.exd6 c4 21.b3 c3 22.d5 Qxd6
23.Ra6 Nf4 24.Ra4 Ng6 25.Qd3 Bc7 26.f4 Rfd8 27.Rd1 Qf6 28.Rc4 Bd6 29.Qxc3 Qxc3
30.Rxc3 Nxf4 31.Rc6 Be5 32.d6 Ne6 33.Bf5 Rxb3 34.Bb6 Rxb6 35.Rxb6 Nd4 36.f4 Bf6
37.Bh3 Ne2 38.Rb4 g6 39.d7 Kf8 40.Rc4 Nc3 41.Rd3 Ke7 42.Rc8  1-0

[Event "41st Olympiad Open 2014"]
[Site "Tromso NOR"]
[Date "2014.08.10"]
[Round "8.8"]
[White "Leko,P"]
[Black "Nakamura,Hi"]
[Result "1/2-1/2"]
[WhiteElo "2740"]
[BlackElo "2787"]

1.e4 e6 2.d4 d5 3.Nc3 Nf6 4.e5 Nfd7 5.f4 c5 6.Nf3 b6 7.Be2 Nc6 8.Be3 Be7
9.O-O O-O 10.Nb1 cxd4 11.Nxd4 Nxd4 12.Bxd4 f6 13.exf6 Bxf6 14.c3 Nc5 15.Nd2 Qd6
16.g3 Bb7 17.Nf3 Ne4 18.Bd3 a5 19.Qe2 Bxd4+ 20.cxd4 Rac8 21.a3 Qd7 22.Rae1 h6
23.Qe3 Qa4 24.Re2 b5 25.Nd2 Rfd8 26.Ra1 b4 27.Nxe4 dxe4 28.Bxe4 Bxe4 29.Qxe4 Rd6
30.Rd2 bxa3 31.Rxa3 Qb4 32.Re2 a4 33.Rd3 Qb6 34.Kg2 Rcd8 35.Rde3 Rxd4 36.Qxe6+ Qxe6
37.Rxe6 Rd2 38.Kf3 Rxe2 39.Rxe2 Ra8 40.Kg4 a3 41.bxa3 Rxa3 42.Re5 Ra2 43.h4 Ra3
44.h5 Rc3 45.Re6 Ra3 46.Rg6 Ra4 47.Rd6 Ra3 48.Rd2 Kf7 49.Rf2 Ra5 50.Rf3 Ra1
51.Rb3 Ra5 52.Kh4 Ra4 53.Rf3 Ra1 54.g4 Rh1+ 55.Kg3 Rg1+ 56.Kh3 Kg8 57.Re3 Kh7
58.Re2 Kg8 59.Rg2 Ra1  1/2-1/2

[Event "41st Olympiad Open 2014"]
[Site "Tromso NOR"]
[Date "2014.08.11"]
[Round "9.9"]
[White "Nakamura,Hi"]
[Black "Naiditsch,A"]
[Result "1/2-1/2"]
[WhiteElo "2787"]
[BlackElo "2709"]

1.d4 Nf6 2.c4 e6 3.Nc3 d5 4.cxd5 exd5 5.Bg5 c6 6.e3 Bf5 7.Qf3 Bg6 8.Bxf6 Qxf6
9.Qxf6 gxf6 10.h4 Nd7 11.h5 Bf5 12.Nge2 Bd6 13.f4 h6 14.Ng3 Bh7 15.Rd1 Nb6
16.a3 Kd7 17.Kf2 f5 18.Bd3 Ke6 19.Rc1 a5 20.Nf1 a4 21.Nd2 Nd7 22.Bc2 b5 23.Nf3 Nb6
24.Ne1 Nc4 25.Nd3 Rae8 26.Bb1 Kd7 27.Rh3 f6 28.Rc2 Rhg8 29.Re2 Rg7 30.Na2 Kc7
31.Nab4 Kb6 32.Bc2 Reg8 33.Rh2 Bf8 34.Bd1 Bd6 35.Re1 Nd2 36.Bf3 Ne4+ 37.Bxe4 fxe4
38.Nc5 Bf5 39.Rc1 Rc8 40.Rc3 Rcc7 41.Rh1 Rc8 42.Rcc1 Rg4 43.Kf1 Rg3 44.Rc3 Rcg8
45.Rh2 Bxc5 46.dxc5+ Kc7 47.Nc2 Bd7 48.Kf2 R3g7 49.Nd4 f5 50.Rc1 Kd8 51.Rd1  1/2-1/2

[Event "41st Olympiad Open 2014"]
[Site "Tromso NOR"]
[Date "2014.08.12"]
[Round "10.6"]
[White "Nakamura,Hi"]
[Black "Peralta,Fe"]
[Result "1-0"]
[WhiteElo "2787"]
[BlackElo "2574"]

1.b3 d5 2.Bb2 Bg4 3.h3 Bh5 4.d3 c5 5.Nd2 Nc6 6.Ngf3 f6 7.c4 d4 8.g3 e5 9.Bg2 Nh6
10.a3 a5 11.Bc1 f5 12.Nh2 Be7 13.Ndf1 Nf7 14.g4 Bg6 15.Ng3 Nd6 16.gxf5 Nxf5
17.Bd5 Nxg3 18.fxg3 Rf8 19.Nf3 e4 20.dxe4 Qc7 21.Bf4 Bd6 22.e3 O-O-O 23.Ng5 Qe7
24.O-O dxe3 25.Qg4+ Kb8 26.Ne6 Ne5 27.Qe2 Bxe4 28.Qxe3 Bxd5 29.cxd5 Rxf4
30.Rxf4 Re8 31.Raf1 Qd7 32.Re4  1-0

[Event "41st Olympiad Open 2014"]
[Site "Tromso NOR"]
[Date "2014.08.14"]
[Round "11.5"]
[White "Mamedyarov,S"]
[Black "Nakamura,Hi"]
[Result "1-0"]
[WhiteElo "2743"]
[BlackElo "2787"]

1.d4 d5 2.c4 c6 3.Nc3 dxc4 4.e3 b5 5.a4 b4 6.Ne4 Qd5 7.Nd2 c3 8.Ndf3 Qa5
9.Ne5 Nf6 10.Ngf3 e6 11.Bd3 Ba6 12.bxc3 bxc3 13.O-O Nbd7 14.Nxc6 Qb6 15.Nfe5 Bb7
16.a5 Qc7 17.Qa4 Bd6 18.a6 Bxc6 19.Qxc6 O-O 20.Qxc7 Bxc7 21.Nxd7 Nxd7 22.Ba3 Rfd8
23.Rfc1 e5 24.Be4 Rab8 25.Rxc3 Ba5 26.Rcc1 Bb4 27.Bxb4 Rxb4 28.Rc7 exd4 29.Rxa7 dxe3
30.Rxd7 Rxd7 31.a7 exf2+ 32.Kxf2 Rxa7 33.Rxa7 g6 34.Ke3 Rb6 35.Bd5 Rf6 36.g4 h6
37.Ke4 Kg7 38.h4 Rf1 39.Rb7 Rf2 40.g5 hxg5 41.hxg5 Re2+ 42.Kd4  1-0

[Event "2nd Sinquefield Cup 2014"]
[Site "Saint Louis USA"]
[Date "2014.08.27"]
[Round "1.2"]
[White "Aronian,L"]
[Black "Nakamura,Hi"]
[Result "1/2-1/2"]
[WhiteElo "2805"]
[BlackElo "2787"]

1.d4 d5 2.c4 c6 3.Nf3 Nf6 4.Nc3 dxc4 5.a4 Bf5 6.e3 e6 7.Bxc4 Bb4 8.O-O Nbd7
9.Qe2 O-O 10.e4 Bg6 11.Bd3 Bh5 12.e5 Nd5 13.Nxd5 cxd5 14.Qe3 Re8 15.Bd2 Qa5
16.Qe1 Bxd2 17.Qxd2 Qd8 18.Ng5 Bg6 19.Bxg6 fxg6 20.f4 Rc8 21.Rac1 Qb6 22.a5 Qa6
23.Qb4 h6 24.Nf3 b6 25.Qd6 Nf8 26.axb6 axb6 27.Qb4 Qd3 28.Qd2 Qb3 29.Rfe1 Rxc1
30.Rxc1 Ra8 31.h4 Ra2 32.Rc2 Ra1+ 33.Kh2 Rb1 34.Kg3 Kh7 35.Rc8 Rxb2 36.Qc1 Qa2
37.Qh1 Qa3 38.Qc1 Qa2 39.Qh1 Qa3 40.Qc1  1/2-1/2

[Event "2nd Sinquefield Cup 2014"]
[Site "Saint Louis USA"]
[Date "2014.08.28"]
[Round "2.1"]
[White "Nakamura,Hi"]
[Black "Carlsen,M"]
[Result "1/2-1/2"]
[WhiteElo "2787"]
[BlackElo "2877"]

1.e4 e5 2.Nf3 Nc6 3.Bb5 g6 4.O-O Bg7 5.c3 a6 6.Ba4 d6 7.d4 Bd7 8.d5 Nce7
9.Bxd7+ Qxd7 10.c4 h6 11.Nc3 f5 12.Nd2 Nf6 13.f3 O-O 14.b4 c6 15.dxc6 Nxc6
16.a3 Nd4 17.Bb2 Rac8 18.Ne2 Nh5 19.Nxd4 exd4 20.exf5 Nf4 21.f6 Bxf6 22.g3 Nh3+
23.Kg2 Ng5 24.Qb1 Kh7 25.Qd3 Be5 26.Rae1 Bxg3 27.hxg3 Qh3+ 28.Kg1 Qxg3+ 29.Kh1 Qh4+
30.Kg2 Qh3+ 31.Kg1 Qg3+ 32.Kh1 Qh3+  1/2-1/2

[Event "2nd Sinquefield Cup 2014"]
[Site "Saint Louis USA"]
[Date "2014.08.30"]
[Round "4.3"]
[White "Vachier Lagrave,M"]
[Black "Nakamura,Hi"]
[Result "1/2-1/2"]
[WhiteElo "2768"]
[BlackElo "2787"]

1.e4 e5 2.Nf3 Nc6 3.Bb5 a6 4.Ba4 Nf6 5.O-O b5 6.Bb3 Bc5 7.c3 d6 8.d4 Bb6
9.Be3 O-O 10.Nbd2 h6 11.h3 Bb7 12.Re1 exd4 13.cxd4 Na5 14.Bc2 Re8 15.Qb1 Nc4
16.Nxc4 bxc4 17.Nd2 Rb8 18.Nxc4 Bxe4 19.Bxe4 Rxe4 20.Qd3 Qe8 21.f3 Re6 22.Bf2 Nd5
23.Rxe6 Qxe6 24.Re1 Nf4 25.Qc2 Qd5 26.Re4 Ne6 27.Qc3 c5 28.Nxb6 Rxb6 29.dxc5 dxc5
30.b3 Rd6  1/2-1/2

[Event "2nd Sinquefield Cup 2014"]
[Site "Saint Louis USA"]
[Date "2014.09.02"]
[Round "6.3"]
[White "Nakamura,Hi"]
[Black "Aronian,L"]
[Result "1/2-1/2"]
[WhiteElo "2787"]
[BlackElo "2805"]

1.e4 e5 2.Nf3 Nc6 3.Bb5 Nf6 4.O-O Nxe4 5.Re1 Nd6 6.Nxe5 Be7 7.Bf1 Nxe5 8.Rxe5 O-O
9.Nc3 Ne8 10.Nd5 Bd6 11.Re2 c6 12.Ne3 Be7 13.Qe1 Bf6 14.Nf5 d5 15.Ne7+ Kh8
16.Nxc8 Rxc8 17.g3 Qd7 18.d3 Nc7 19.Qa5 Rfe8 20.Qe1 Rxe2 21.Qxe2 b5 22.c3 d4
23.c4 Re8 24.Qd1 bxc4 25.dxc4 Ne6 26.b4 d3 27.Rb1 Rd8 28.Bd2 Bg5 29.Rb2 Qd4
30.Rb3 Bxd2 31.Qxd2 Qxc4 32.Rxd3 Rxd3 33.Qxd3 Qxa2 34.Qd7 Kg8 35.Qxc6 g6
36.Bc4 Qb1+ 37.Kg2 Qxb4 38.Bxe6 fxe6 39.Qa8+ Qf8 40.Qxa7 h5 41.Qd7 Qf5 42.Qe8+ Kg7
43.Qe7+ Kg8 44.Qe8+ Kg7 45.Qe7+ Kg8  1/2-1/2